1888 1993 1998 1284 1308 1274 1024 1330 1198 1680 1728 1630 1619 1739 1805 1381 1016 1315 1554 1031 1824 1727 1334 1072 1950 1988 1725 1625 1338 1749 1602 1836 1503 1632 1752 1919 1970 1422 1703 1837 1247 1330 1441 1316 1319 1924 1195 1539 1911 1756 1835 1236 1320 1109 1154 1676 1769 1374 1963 1991 1756 1201 1673 1650 1911 1245 1080 1550 1141 1424 1605 1697 1107 1584 1762 1350 1488 1469 1291 1744 1525 1947 1470 1006 1157 1907 1531 1135 1674 1707 1294 1954 1608 1943 1541 1100 1675 1672 1545 BCNSPRNW ULIB Ver.6.0+V

เปลี่ยนเป็นภาษาไทย

Change to English
 แสดงรายละเอียดบรรณานุกรม
  กลับหน้าหลัก

Brief Record : Get Marc (ISO 2709) : E-mail record : QR code < ปิดหน้าต่าง
LEADER : 00000nam 2200000uu 4500
001    13399128092
003     ULIB
008    020711s2564 th a 000 0 tha d
020    ^a9786164220683
060    ^aWO39^bT355
100    ^aชัยรัตน์ บุรุษพัฒน์, บรรณาธิการ
245    ^aTEXTBOOK OF PRINCIPLES OF WOUND AND SCAR MANAGEMENT :ตำราหลักการดูแลแผล และแผลเป็น
250    ^aพิมพ์ครั้งที่ 1
260    ^aกรุงเทพฯ :^bโครงการตำราวิทยาลัยแพทยศาสตร์พระมงกุฎเกล้า,^c2564
300    ^a362 หน้า;^b26 ซม.
650    ^aWound and Injuries^xtherapy
650    ^aCicatrix^xtherapy
945    ^p550^l0^i008747
945    ^p550^l0^i008748
945    ^p550^l0^i008749
945    ^p550^l0^i008750
945    ^p550^l0^i008751
945    ^p550^l0^i008752
945    ^p550^l0^i008753
945    ^p550^l0^i008754
945    ^p550^l0^i008755
945    ^p550^l0^i008756
999    ^aประนอม เกษจรัล
รายการนี้ยังไม่มีแท็ก
คุณยังไม่ได้ล็อกอิน คุณสามารถมีกิจกรรมร่วมกับเว็บไซต์ได้ แต่ต้องล็อกอินก่อน ::
  ล็อกอิน

รายการสื่อสารสนเทศ

ลำดับที่ ประเภท เลขเรียก/บาร์โค้ด สถานที่ สถานะ
1. วิทยาศาสตร์การแพทย์ และสุขภาพ
หนังสือสำรอง
สถานะ=หนังสือสำรอง
WO39 T355 ฉ.1 
  Barcode: 008747
ห้องสมุดวิทยาเขตสวรรค์ประชารักษ์
►หนังสือทั่วไป
บนชั้น
2. วิทยาศาสตร์การแพทย์ และสุขภาพ
วิทยาศาสตร์การแพทย์ และสุขภาพ
WO39 T355 ฉ.10 
  Barcode: 008756
ห้องสมุดวิทยาเขตสวรรค์ประชารักษ์
►หนังสือทั่วไป
บนชั้น
3. วิทยาศาสตร์การแพทย์ และสุขภาพ
วิทยาศาสตร์การแพทย์ และสุขภาพ
WO39 T355 ฉ.2 
  Barcode: 008748
ห้องสมุดวิทยาเขตสวรรค์ประชารักษ์
►หนังสือทั่วไป
บนชั้น
4. วิทยาศาสตร์การแพทย์ และสุขภาพ
วิทยาศาสตร์การแพทย์ และสุขภาพ
WO39 T355 ฉ.3 
  Barcode: 008749
ห้องสมุดวิทยาเขตสวรรค์ประชารักษ์
►หนังสือทั่วไป
บนชั้น
5. วิทยาศาสตร์การแพทย์ และสุขภาพ
วิทยาศาสตร์การแพทย์ และสุขภาพ
WO39 T355 ฉ.4 
  Barcode: 008750
ห้องสมุดวิทยาเขตสวรรค์ประชารักษ์
►หนังสือทั่วไป
บนชั้น
6. วิทยาศาสตร์การแพทย์ และสุขภาพ
วิทยาศาสตร์การแพทย์ และสุขภาพ
WO39 T355 ฉ.5 
  Barcode: 008751
ห้องสมุดวิทยาเขตสวรรค์ประชารักษ์
►หนังสือทั่วไป
บนชั้น
7. วิทยาศาสตร์การแพทย์ และสุขภาพ
วิทยาศาสตร์การแพทย์ และสุขภาพ
WO39 T355 ฉ.6 
  Barcode: 008752
ห้องสมุดวิทยาเขตสวรรค์ประชารักษ์
►หนังสือทั่วไป
บนชั้น
8. วิทยาศาสตร์การแพทย์ และสุขภาพ
วิทยาศาสตร์การแพทย์ และสุขภาพ
WO39 T355 ฉ.7 
  Barcode: 008753
ห้องสมุดวิทยาเขตสวรรค์ประชารักษ์
►หนังสือทั่วไป
บนชั้น
9. วิทยาศาสตร์การแพทย์ และสุขภาพ
วิทยาศาสตร์การแพทย์ และสุขภาพ
WO39 T355 ฉ.8 
  Barcode: 008754
ห้องสมุดวิทยาเขตสวรรค์ประชารักษ์
►หนังสือทั่วไป
บนชั้น
10. วิทยาศาสตร์การแพทย์ และสุขภาพ
วิทยาศาสตร์การแพทย์ และสุขภาพ
WO39 T355 ฉ.9 
  Barcode: 008755
ห้องสมุดวิทยาเขตสวรรค์ประชารักษ์
►หนังสือทั่วไป
บนชั้น

รายการใกล้เคียง
    ชื่อเรื่อง [TEXTBOOK OF PRINCIPLES OF WOUND AND SCAR MANAGEMENT :ตำราหลักการดูแลแผล และแผลเป็น]

BibComment


ยังไม่เคยถูกคอมเมนท์

คอมเมนท์ทรัพยากรรายการนี้
  คอมเมนท์: TEXTBOOK OF PRIN..


 Copyright 2026. Bcnsprnw @Library